<?xml version="1.0" encoding="UTF-8"?>
<record
    xmlns:xsi="http://www.w3.org/2001/XMLSchema-instance"
    xsi:schemaLocation="http://www.loc.gov/MARC21/slim http://www.loc.gov/standards/marcxml/schema/MARC21slim.xsd"
    xmlns="http://www.loc.gov/MARC21/slim">

  <leader>00353nam a2200145Ia 4500</leader>
  <controlfield tag="008">191201s2009    xx            000 0 und d</controlfield>
  <datafield tag="082" ind1=" " ind2=" ">
    <subfield code="a">005.43</subfield>
    <subfield code="b">SIO</subfield>
  </datafield>
  <datafield tag="100" ind1=" " ind2=" ">
    <subfield code="a">SILBERSCHATZ, Abraham</subfield>
  </datafield>
  <datafield tag="245" ind1=" " ind2="0">
    <subfield code="a">Operating System Principles</subfield>
  </datafield>
  <datafield tag="250" ind1=" " ind2=" ">
    <subfield code="a">ED,7th</subfield>
  </datafield>
  <datafield tag="260" ind1=" " ind2=" ">
    <subfield code="a">N.Delhi</subfield>
    <subfield code="b">John Wiley</subfield>
    <subfield code="c">2009</subfield>
  </datafield>
  <datafield tag="300" ind1=" " ind2=" ">
    <subfield code="a">896</subfield>
  </datafield>
  <datafield tag="650" ind1=" " ind2=" ">
    <subfield code="a">B.Tech(CSE)</subfield>
  </datafield>
  <datafield tag="942" ind1=" " ind2=" ">
    <subfield code="2">ddc</subfield>
    <subfield code="c">BK</subfield>
  </datafield>
  <datafield tag="999" ind1=" " ind2=" ">
    <subfield code="c">4579</subfield>
    <subfield code="d">4579</subfield>
  </datafield>
  <datafield tag="952" ind1=" " ind2=" ">
    <subfield code="0">0</subfield>
    <subfield code="1">0</subfield>
    <subfield code="2">ddc</subfield>
    <subfield code="4">0</subfield>
    <subfield code="7">0</subfield>
    <subfield code="8">BTECHCSE</subfield>
    <subfield code="a">PIET</subfield>
    <subfield code="b">PIET</subfield>
    <subfield code="d">2010-07-15</subfield>
    <subfield code="e">The book company</subfield>
    <subfield code="g">449.00</subfield>
    <subfield code="k">2035</subfield>
    <subfield code="l">2</subfield>
    <subfield code="o">005.43 SIO</subfield>
    <subfield code="p">15867</subfield>
    <subfield code="r">2021-11-02 00:00:00</subfield>
    <subfield code="s">2021-06-10</subfield>
    <subfield code="w">2010-07-12</subfield>
    <subfield code="y">BK</subfield>
    <subfield code="z">Damage</subfield>
  </datafield>
  <datafield tag="952" ind1=" " ind2=" ">
    <subfield code="0">0</subfield>
    <subfield code="1">0</subfield>
    <subfield code="2">ddc</subfield>
    <subfield code="4">0</subfield>
    <subfield code="7">0</subfield>
    <subfield code="8">BTECHCSE</subfield>
    <subfield code="a">PIET</subfield>
    <subfield code="b">PIET</subfield>
    <subfield code="d">2010-07-15</subfield>
    <subfield code="e">The book company</subfield>
    <subfield code="g">449.00</subfield>
    <subfield code="k">2035</subfield>
    <subfield code="l">8</subfield>
    <subfield code="o">005.43 SIO</subfield>
    <subfield code="p">15868</subfield>
    <subfield code="q">2026-06-12</subfield>
    <subfield code="r">2026-05-29 15:50:00</subfield>
    <subfield code="s">2026-05-29</subfield>
    <subfield code="w">2010-07-12</subfield>
    <subfield code="y">BK</subfield>
  </datafield>
  <datafield tag="952" ind1=" " ind2=" ">
    <subfield code="0">0</subfield>
    <subfield code="1">0</subfield>
    <subfield code="2">ddc</subfield>
    <subfield code="4">0</subfield>
    <subfield code="7">0</subfield>
    <subfield code="8">BTECHCSE</subfield>
    <subfield code="a">PIET</subfield>
    <subfield code="b">PIET</subfield>
    <subfield code="d">2010-07-15</subfield>
    <subfield code="e">The book company</subfield>
    <subfield code="g">449.00</subfield>
    <subfield code="k">2035</subfield>
    <subfield code="l">15</subfield>
    <subfield code="o">005.43 SIO</subfield>
    <subfield code="p">15869</subfield>
    <subfield code="r">2023-06-19 00:00:00</subfield>
    <subfield code="s">2023-06-05</subfield>
    <subfield code="w">2010-07-12</subfield>
    <subfield code="y">BK</subfield>
  </datafield>
  <datafield tag="952" ind1=" " ind2=" ">
    <subfield code="0">0</subfield>
    <subfield code="1">0</subfield>
    <subfield code="2">ddc</subfield>
    <subfield code="4">0</subfield>
    <subfield code="7">0</subfield>
    <subfield code="8">BTECHCSE</subfield>
    <subfield code="a">PIET</subfield>
    <subfield code="b">PIET</subfield>
    <subfield code="d">2010-07-15</subfield>
    <subfield code="e">The book company</subfield>
    <subfield code="g">449.00</subfield>
    <subfield code="k">2035</subfield>
    <subfield code="l">9</subfield>
    <subfield code="o">005.43 SIO</subfield>
    <subfield code="p">15870</subfield>
    <subfield code="r">2024-04-08 00:00:00</subfield>
    <subfield code="s">2024-03-26</subfield>
    <subfield code="w">2010-07-12</subfield>
    <subfield code="y">BK</subfield>
  </datafield>
  <datafield tag="952" ind1=" " ind2=" ">
    <subfield code="0">0</subfield>
    <subfield code="1">0</subfield>
    <subfield code="2">ddc</subfield>
    <subfield code="4">0</subfield>
    <subfield code="7">0</subfield>
    <subfield code="8">BTECHCSE</subfield>
    <subfield code="a">PIET</subfield>
    <subfield code="b">PIET</subfield>
    <subfield code="d">2010-07-15</subfield>
    <subfield code="e">The book company</subfield>
    <subfield code="g">449.00</subfield>
    <subfield code="k">2035</subfield>
    <subfield code="l">4</subfield>
    <subfield code="o">005.43 SIO</subfield>
    <subfield code="p">15871</subfield>
    <subfield code="r">2022-06-23 00:00:00</subfield>
    <subfield code="s">2022-06-03</subfield>
    <subfield code="w">2010-07-12</subfield>
    <subfield code="y">BK</subfield>
  </datafield>
</record>
